=LDR 00000nam 2200000 4500 =001 INLIS000000000016002 =005 20210415011041 =035 ##$$a 0010-061300000016002 =008 210415################g##########0#ind## =041 ##$$a Ind =082 ##$$a 338.642 09 =090 ##$$a 338.642 09, Sej s =245 ##$$a Sejarah peranan bank Indonesia dalam pengembangan usaha kecil /$c Bank Indonesia =260 ##$$a Jakarta :$b Bank Indonesia,$c 2001 =300 ##$$a xv, 212 hlm ; $c 22 x 14 cm =650 #4$$a Usaha kecil - sejarah =850 ##$$a NBPNMAT =084 ##$$a 338.642 09 SEJ s =250 ##$$a cet.1 =711 #$$a Bank Indonesia =990 ##$$a 168.314/hd. 2002 =990 ##$$a 168.318/Hd.2002 =990 ##$$a 168.314/hd. 2002 =990 ##$$a 168.318/Hd.2002